[Event "Let's Play Chess!"]
[Site "http://www.queenalice.com/game.php?id=316318"]
[Date "2007.12.7"]
[Round "-"]
[White "Abstro"]
[Black "bathsheba666"]
[Result "1-0"]
[WhiteElo "1885"]
[BlackElo "1559"]

1. d4 g6 2. e4 Bg7 3. Nf3 d6 4. Bc4 Nf6 5. Ng5 O-O 6. Qf3 c6 7. Nc3 Bg4 8. Qf4
a6 9. Nxf7 Rxf7 10. Bxf7+ Kxf7 11. e5 1-0

[Event "Let's Play Chess!"]
[Site "http://www.queenalice.com/game.php?id=316508"]
[Date "2007.12.7"]
[Round "-"]
[White "jaque_mate_remate"]
[Black "bathsheba666"]
[Result "1/2-1/2"]
[WhiteElo "1792"]
[BlackElo "1627"]

1. d4 g6 2. e3 Bg7 3. Bc4 Nf6 4. Nc3 O-O 5. Nf3 c6 6. Bd3 d5 7. O-O Bg4 8. Be2
Nbd7 9. b3 Re8 10. Ne1 Bf5 11. Bd3 Bxd3 12. Nxd3 e5 13. dxe5 Nxe5 14. Nxe5 Rxe5
15. Bb2 Ne4 16. Nxe4 Rxe4 17. Bxg7 Kxg7 18. Qd3 Qf6 19. Qd2 Rd8 20. c3 c5 21.
Rad1 d4 22. cxd4 cxd4 23. exd4 Rexd4 24. Qc2 Rxd1 25. Rxd1 Rxd1+ 26. Qxd1 a6 27.
h3 b5 28. a4 bxa4 29. bxa4 Qc3 30. g3 h5 31. h4 a5 32. Kg2 Qc6+ 33. Kh2 Qc3 34.
Kg1 Qb4 35. Kh2 Qc3 1/2-1/2

[Event "Lets Rodeo ]:)>"]
[Site "http://www.queenalice.com/game.php?id=316762"]
[Date "2007.12.8"]
[Round "-"]
[White "CowboyNoel"]
[Black "bathsheba666"]
[Result "0-1"]
[WhiteElo "1576"]
[BlackElo "1634"]

1. e4 c5 2. b3 Nc6 3. Bc4 Nf6 4. Bb2 e6 5. Nf3 Nxe4 6. Qe2 Nf6 7. d4 d5 8. Bb5
a6 9. Bxc6+ bxc6 10. dxc5 Qa5+ 11. Bc3 Qxc5 12. O-O Be7 13. Ne5 d4 14. Nd3 Qd5
15. Bb2 O-O 16. Nd2 a5 17. Nf3 Ba6 18. Nxd4 c5 19. Nf3 c4 20. Nf4 Qf5 21. Qe5
cxb3 22. axb3 Bxf1 23. Kxf1 Qxc2 24. Nh5 Nxh5 25. Rc1 Qxb3 26. g4 Bf6 27. Qxh5
Bxb2 28. Ng5 Qd3+ 29. Kg1 Bxc1 30. f4 Bxf4 31. h4 Be3+ 32. Kg2 Qe2+ 33. Kg3 Qf2+
34. Kh3 Qf1+ 35. Kg3 Bf4# 0-1

[Event "Let's Play Chess!"]
[Site "http://www.queenalice.com/game.php?id=316829"]
[Date "2007.12.8"]
[Round "-"]
[White "ninaum"]
[Black "bathsheba666"]
[Result "0-1"]
[WhiteElo "1797"]
[BlackElo "1595"]

1. e4 c5 2. Nf3 d6 3. Nc3 Nf6 4. d4 cxd4 5. Nxd4 a6 6. Be3 Ng4 7. Bg5 h6 8. Bh4
Nc6 9. Be2 Nf6 10. O-O e5 11. Nb3 Be7 12. Re1 b5 13. a3 Bb7 14. f3 Nh5 15. Bf2
O-O 16. Nd5 Nf4 17. Bb6 Qd7 18. Nxf4 exf4 19. Nc5 Qc8 20. Nxb7 Qxb7 21. Bf2 Rac8
22. Rc1 Rfd8 23. c4 bxc4 24. Bxc4 Ne5 25. Bd5 Qxb2 26. Rxc8 Rxc8 27. Qa4 Qb5 28.
Qd1 Nd3 29. Qe2 Nxe1 0-1

[Event "Let's Play Chess!"]
[Site "http://www.queenalice.com/game.php?id=317005"]
[Date "2007.12.8"]
[Round "-"]
[White "carpe_diem"]
[Black "bathsheba666"]
[Result "0-1"]
[WhiteElo "1468"]
[BlackElo "1556"]

1. e4 c5 2. Nf3 d6 3. d4 cxd4 4. Nxd4 Nf6 5. Nc3 a6 6. Bg5 e6 7. f4 Be7 8. Qf3
Qc7 9. O-O-O Nbd7 10. g4 b5 11. Bxf6 Nxf6 12. g5 Nd7 13. e5 dxe5 14. Qxa8 exd4
15. Rxd4 O-O 16. Qf3 Bb7 17. Ne4 f5 18. Qd1 Bxe4 19. Rxd7 Qxf4+ 20. Kb1 Bxh1 21.
Rxe7 Bd5 22. b3 Qxh2 23. Kb2 Qe5+ 24. Kb1 Qd6 25. Ra7 Qb6 0-1

[Event "CFC 2nd Annual"]
[Site "http://www.queenalice.com/game.php?id=321973"]
[Date "2007.12.17"]
[Round "3"]
[White "Panzar"]
[Black "bathsheba666"]
[Result "1-0"]
[WhiteElo "1850"]
[BlackElo "1617"]

1. e4 c5 2. Nf3 d6 3. d4 cxd4 4. Qxd4 Nc6 5. Bb5 e5 6. Qd3 Nf6 7. Bg5 Be7 8.
Bxc6+ bxc6 9. c4 O-O 10. Nc3 Nd7 11. Bxe7 Qxe7 12. O-O-O 1-0

[Event "Let's Play Chess!"]
[Site "http://www.queenalice.com/game.php?id=333321"]
[Date "2008.1.9"]
[Round "-"]
[White "Mateuzao_99"]
[Black "bathsheba666"]
[Result "0-1"]
[WhiteElo "1513"]
[BlackElo "1640"]

1. e4 c5 2. Nc3 d6 3. Nf3 Nf6 4. d3 Bg4 5. Be2 Nc6 6. Bg5 h6 7. Bxf6 exf6 8. Nd5
Nb4 9. Nxb4 cxb4 10. Nh4 Be6 11. f4 Be7 12. Nf3 O-O 13. O-O d5 14. f5 Bc8 15.
Kh1 a5 16. Qc1 b6 17. Qf4 Ba6 18. Nh4 dxe4 19. Qxe4 Re8 20. Qg4 Bc5 21. Bf3 Rb8
22. Be4 Qd4 23. Rab1 Bb7 24. Qf3 Bxe4 25. dxe4 Rxe4 26. Rfd1 Qe3 27. Qxe3 Rxe3
28. g3 Rbe8 29. Ng2 Re2 30. Rbc1 Rf2 31. Rf1 Ree2 32. Rxf2 Rxf2 33. g4 h5 34.
Ne1 hxg4 35. Nd3 Rxf5 36. Kg2 Rf3 37. Nxc5 bxc5 38. Rd1 Rf5 39. Rd8+ Kh7 40. Rc8
Kg6 41. Rd8 Re5 0-1

[Event "Madruguinha"]
[Site "http://www.queenalice.com/game.php?id=334885"]
[Date "2008.1.11"]
[Round "-"]
[White "fabriciosousa"]
[Black "bathsheba666"]
[Result "0-1"]
[WhiteElo "1978"]
[BlackElo "1660"]

1. e4 c5 2. Nf3 d6 3. d4 cxd4 4. Nxd4 Nf6 5. Nc3 a6 6. Bd3 e5 7. Nb3 Be7 8. O-O
O-O 9. f4 Nc6 10. a3 Ng4 11. Nd5 f5 12. Nxe7+ Nxe7 13. exf5 Qb6+ 14. Kh1 Nf2+
15. Rxf2 Qxf2 16. g4 g6 17. fxg6 Nxg6 18. f5 Nh4 19. Qg1 Qf3+ 0-1

[Event "Let's Play Chess!"]
[Site "http://www.queenalice.com/game.php?id=335346"]
[Date "2008.1.12"]
[Round "-"]
[White "gustavline"]
[Black "bathsheba666"]
[Result "1-0"]
[WhiteElo "1837"]
[BlackElo "1665"]

1. e4 c5 2. Nf3 d6 3. Nc3 Nf6 4. Bc4 Bg4 5. d3 g6 6. Bg5 a6 7. h3 Bxf3 8. Qxf3
Nc6 9. Be3 Ne5 10. Qe2 b5 11. Bb3 Bg7 12. f4 Nc6 13. g4 Na5 14. g5 Nxb3 15. cxb3
Nh5 16. Rg1 Qa5 17. Bd2 O-O 18. f5 f6 19. Nd5 Qd8 20. O-O-O b4 21. h4 Ra7 22.
Rdf1 Qe8 23. fxg6 hxg6 24. Nf4 Nxf4 25. Bxf4 1-0

[Event "Let's Play Chess!"]
[Site "http://www.queenalice.com/game.php?id=335347"]
[Date "2008.1.12"]
[Round "-"]
[White "bathsheba666"]
[Black "gustavline"]
[Result "0-1"]
[WhiteElo "1689"]
[BlackElo "1798"]

1. e4 e6 2. d4 d5 3. Nc3 Nf6 4. Bg5 Be7 5. e5 Nfd7 6. Bxe7 Qxe7 7. f4 Nc6 8. Nf3
O-O 9. Bd3 g6 10. Qe2 Nb4 11. O-O-O Nxd3+ 12. Rxd3 b6 13. h4 Ba6 0-1

[Event "Challenge"]
[Site "http://www.queenalice.com/game.php?id=343447"]
[Date "2008.1.26"]
[Round "-"]
[White "bathsheba666"]
[Black "Sabaak_No_Gaara"]
[Result "0-1"]
[WhiteElo "1651"]
[BlackElo "1806"]

1. e4 c5 2. Nf3 d6 3. d4 cxd4 4. Nxd4 Nf6 5. Nc3 g6 6. Bb5+ Bd7 7. Qe2 a6 8.
Bxd7+ Qxd7 9. O-O Bg7 10. Be3 Nc6 11. f4 Ng4 12. Nxc6 bxc6 13. h3 Nxe3 14. Qxe3
c5 15. Kh1 O-O 16. Rab1 e6 17. b3 Qc6 18. Na4 Bd4 19. Qf3 Rab8 20. c3 Bg7 21.
Nb2 Rbd8 22. Nc4 f5 23. e5 Qxf3 24. Rxf3 d5 25. Nd6 h6 26. h4 Rd7 27. Rd1 g5 28.
hxg5 hxg5 29. g3 g4 30. Re3 Rfd8 31. Kg2 Bf8 0-1

[Event "Let's Play Chess!"]
[Site "http://www.queenalice.com/game.php?id=346779"]
[Date "2008.2.1"]
[Round "-"]
[White "bathsheba666"]
[Black "CampbellMarcel"]
[Result "0-1"]
[WhiteElo "1677"]
[BlackElo "1785"]

1. e4 e5 2. Nf3 d5 3. exd5 Qxd5 4. Nc3 Qa5 5. Bb5+ Bd7 6. Qe2 Bxb5 7. Qxb5+ Qxb5
8. Nxb5 Kd8 9. Nxe5 Nh6 10. d4 c6 11. Bxh6 cxb5 12. Bxg7 Bxg7 13. Nxf7+ Kc7 14.
Nxh8 Bxh8 15. O-O-O Nd7 16. c3 Rf8 17. Rd2 Nf6 0-1

[Event "Let's Play Chess!"]
[Site "http://www.queenalice.com/game.php?id=346785"]
[Date "2008.2.1"]
[Round "-"]
[White "CampbellMarcel"]
[Black "bathsheba666"]
[Result "1-0"]
[WhiteElo "1664"]
[BlackElo "1656"]

1. e4 c5 2. Nf3 d6 3. Bc4 Nf6 4. Nc3 a6 5. O-O Nc6 6. d4 Bg4 7. h3 Bh5 8. g4 Bg6
9. e5 Nxd4 10. Nxd4 cxd4 11. exf6 dxc3 12. fxe7 Bxe7 13. f4 cxb2 14. Bxb2 f6 15.
Qd5 Qb6+ 16. Bd4 Qc6 17. f5 Qxd5 18. Bxd5 Bf7 19. Bxb7 Rb8 20. Bxa6 O-O 21. a4
Ra8 22. Bb7 Rab8 23. Rfb1 1-0

[Event "CFC 2nd Annual"]
[Site "http://www.queenalice.com/game.php?id=376662"]
[Date "2008.3.25"]
[Round "4"]
[White "bathsheba666"]
[Black "col"]
[Result "0-1"]
[WhiteElo "1641"]
[BlackElo "2107"]

1. e4 c5 2. Nf3 d6 3. d4 cxd4 4. Nxd4 Nf6 5. Nc3 g6 6. Be3 Bg7 7. f3 Nc6 8. Qd2
O-O 9. O-O-O d5 10. exd5 Nxd5 11. Nxc6 bxc6 12. Nxd5 cxd5 13. Bh6 Bxh6 14. Qxh6
Rb8 15. h4 Bf5 16. Bd3 Qb6 17. b3 Qf6 18. Bxf5 Qxf5 19. Qg5 e6 0-1

[Event "Challenge"]
[Site "http://www.queenalice.com/game.php?id=409864"]
[Date "2008.5.29"]
[Round "-"]
[White "bathsheba666"]
[Black "pierjean"]
[Result "1-0"]
[WhiteElo "1639"]
[BlackElo "1467"]

1. e4 d6 2. Nf3 Nf6 3. Nc3 b6 4. Bc4 Bb7 5. d3 Nbd7 6. O-O h6 7. a3 Nh7 8. b4 g6
9. Bb2 Bg7 10. Rb1 O-O 11. Qd2 a6 12. Ne2 Bxb2 13. Rxb2 b5 14. Bb3 Rc8 15. Qxh6
Ne5 16. Nf4 c6 17. Nxe5 dxe5 18. Nxg6 e6 19. Nxf8 Qxf8 20. Qh5 Rd8 21. Qxe5 Rd7
22. f4 Qe7 23. Rf3 Rd6 24. Rg3+ Kf8 25. Qh8# 1-0

[Event "CFC 2nd Annual"]
[Site "http://www.queenalice.com/game.php?id=422393"]
[Date "2008.6.24"]
[Round "5"]
[White "dutchfire"]
[Black "bathsheba666"]
[Result "0-1"]
[WhiteElo "1725"]
[BlackElo "1659"]

1. e4 c5 2. Bc4 a6 3. Nf3 b5 4. Bd5 Ra7 5. c3 Nf6 6. d3 e6 7. Bb3 Bb7 8. Be3 Be7
9. O-O O-O 10. c4 b4 11. a3 Nc6 12. Ba4 Ng4 13. Bxc6 Nxe3 14. fxe3 Bxc6 15. Ne5
f6 16. Nf3 Qb6 17. b3 d6 18. a4 a5 19. Nbd2 f5 20. e5 dxe5 21. Nxe5 Bf6 22. Nxc6
Qxc6 23. Ra2 Rd7 24. Nf3 Rfd8 25. Ne1 Bc3 26. Qe2 Bxe1 27. Rxe1 Rxd3 28. Rb2 Qd6
29. Qf3 f4 30. h3 fxe3 31. Rxe3 Rd1+ 0-1

[Event "Let's Play Chess!"]
[Site "http://www.queenalice.com/game.php?id=424657"]
[Date "2008.6.28"]
[Round "-"]
[White "elche"]
[Black "bathsheba666"]
[Result "0-1"]
[WhiteElo "1755"]
[BlackElo "1648"]

1. e4 c5 2. Nc3 d6 3. f4 Nc6 4. Nf3 g6 5. f5 e5 6. d3 Bh6 7. Be2 gxf5 8. exf5
Bxf5 9. O-O Bg6 10. Nh4 Qxh4 11. Bf3 Bxc1 12. Rxc1 Nge7 13. Nd5 Nxd5 0-1

[Event "Let's Play Chess!"]
[Site "http://www.queenalice.com/game.php?id=424718"]
[Date "2008.6.28"]
[Round "-"]
[White "bluestuff370"]
[Black "bathsheba666"]
[Result "1-0"]
[WhiteElo "1805"]
[BlackElo "1669"]

1. d4 Nf6 2. Nf3 g6 3. Nbd2 Bg7 4. b3 d6 5. c4 O-O 6. e3 Bg4 7. h3 Bf5 8. Bb2
Nc6 9. a3 e5 10. dxe5 Nxe5 11. Nxe5 Ne4 12. Nd3 1-0

[Event "Let's Play Chess!"]
[Site "http://www.queenalice.com/game.php?id=426024"]
[Date "2008.7.1"]
[Round "-"]
[White "bathsheba666"]
[Black "quebec"]
[Result "0-1"]
[WhiteElo "1687"]
[BlackElo "1626"]

1. e4 c5 2. Nf3 Nc6 3. d4 cxd4 4. Nxd4 Nf6 5. Nc3 e6 6. Ndb5 d5 7. exd5 Nxd5 8.
Nxd5 exd5 9. Bf4 Qe7+ 10. Be2 Qb4+ 11. c3 Qxf4 0-1

[Event "Let's Play Chess!"]
[Site "http://www.queenalice.com/game.php?id=431944"]
[Date "2008.7.12"]
[Round "-"]
[White "cardosorafael"]
[Black "bathsheba666"]
[Result "1-0"]
[WhiteElo "1830"]
[BlackElo "1669"]

1. e4 c5 2. Nf3 d6 3. d4 cxd4 4. Nxd4 Nf6 5. Nc3 a6 6. Bd3 e5 7. Nf5 g6 8. Ng3
Nc6 9. Bg5 Bg7 10. O-O O-O 11. Re1 b5 12. a3 Bb7 13. Nd5 Nd4 14. c3 Ne6 15.
Nxf6+ Bxf6 16. Bxf6 Qxf6 17. Qc2 Nf4 18. Bf1 Rac8 19. Ne2 Rc4 20. Nxf4 1-0

[Event "Let's Play Chess!"]
[Site "http://www.queenalice.com/game.php?id=432225"]
[Date "2008.7.12"]
[Round "-"]
[White "bathsheba666"]
[Black "Krikko1989"]
[Result "1-0"]
[WhiteElo "1675"]
[BlackElo "2023"]

1. e4 e5 2. Nf3 Nc6 3. Nc3 Nf6 4. Bc4 Bc5 5. O-O d6 6. d3 h6 7. a3 Bg4 8. h3
Bxf3 9. Qxf3 Nd4 10. Qd1 c6 11. Ne2 O-O 12. c3 Ne6 13. Be3 Bxe3 14. fxe3 d5 15.
exd5 cxd5 16. Bb3 Qb6 17. d4 exd4 18. exd4 Ng5 19. Nf4 Rad8 20. Qc2 Nge4 21.
Nxd5 Nxd5 22. Bxd5 Rxd5 23. Qxe4 Rg5 24. Rf2 Rb5 25. b4 Qc7 26. Rf3 a5 27. Raf1
axb4 28. Rxf7 Rxf7 29. Qe8+ Kh7 30. Rxf7 Qa5 31. Rf8 1-0

[Event "Challenge"]
[Site "http://www.queenalice.com/game.php?id=461249"]
[Date "2008.9.10"]
[Round "-"]
[White "pierjean"]
[Black "bathsheba666"]
[Result "0-1"]
[WhiteElo "1453"]
[BlackElo "1678"]

1. d4 d5 2. Bg5 c5 3. h3 cxd4 4. Nf3 Qa5+ 5. Nbd2 Nc6 6. g3 e5 7. Bg2 Be7 8.
Bxe7 Ngxe7 9. O-O O-O 10. Nb3 Qb5 11. Nfd2 b6 12. Re1 f5 13. Bf1 Qa6 14. e3 Qb7
15. exd4 e4 16. c3 Ng6 17. f3 f4 18. Bb5 Bxh3 19. Kh2 fxg3+ 20. Kxg3 Qe7 21. Kf2
e3+ 22. Rxe3 Qh4+ 23. Ke2 Nf4# 0-1

[Event "Challenge"]
[Site "http://www.queenalice.com/game.php?id=462772"]
[Date "2008.9.13"]
[Round "-"]
[White "bathsheba666"]
[Black "pierjean"]
[Result "1/2-1/2"]
[WhiteElo "1685"]
[BlackElo "1447"]

1. e4 c5 2. Nf3 Nf6 3. Nc3 d6 4. d4 Bg4 5. Bb5+ Nbd7 6. dxc5 Qa5 7. cxd6 exd6 8.
Bg5 O-O-O 9. h3 Nxe4 10. Bxd8 Kxd8 11. Bxd7 Nxc3 12. bxc3 Qxc3+ 13. Kf1 Bxf3 14.
gxf3 Qc4+ 15. Qd3 Qxd3+ 16. cxd3 Kxd7 17. Rb1 b6 18. Ke2 d5 19. Rhc1 h5 20. Rc2
h4 21. Rbc1 f5 22. Rc7+ Kd6 23. R1c6+ Ke5 24. Rxa7 Bc5 25. Rxg7 Re8 26. Kf1 d4
27. Rh6 Bf8 28. Rgh7 Bxh6 29. Rxh6 b5 30. Rb6 Ra8 31. Rxb5+ Kf4 32. Rd5 Ra4 33.
Kg2 Kg5 34. Rd6 1/2-1/2